000 00474namaa2200181 a 4500
001 38034
003 BD-RjUL
005 20211209052717.0
008 150830b bg ||||gr|||| 00| 0 eng d
035 _a(BD-RjUL)38139
040 _aBD-RjU
_beng
082 _222
_a079.5492
_bPAK
245 _aPakistan Observer/
_cShamsul Islam
260 _aKarachi :
_bShamsul Islam,
650 _aDaily Newspaper
_zPakistan
_9117776
700 _aIslam, Shamsul.
_9118691
942 _2ddc
_cNP
999 _c38034
_d38034